[Event "I cerrado Memorial Alfonso Pizarroso"]
[Site "Xativa"]
[Date "2018.07.01"]
[Round "3.5"]
[White "Galiana Fernandez, Adrian"]
[Black "Diaz Velandia, Jose Manuel"]
[Result "0-1"]
[BlackElo "2359"]
[WhiteElo "2167"]
[LiveChessVersion "1.4.8"]

1. e4 {[%clk 0:07:05]} c6 {[%clk 0:07:06]} 2. d4 {[%clk 0:07:02]} d5
{[%clk 0:07:08]} 3. exd5 {[%clk 0:07:04]} Qxd5 {[%clk 0:07:10]} 4. Nc3
{[%clk 0:07:04]} Qa5 {[%clk 0:07:12]} 5. Nf3 {[%clk 0:07:04]} Nf6
{[%clk 0:07:14]} 6. Bc4 {[%clk 0:07:00]} Bg4 {[%clk 0:07:13]} 7. h3
{[%clk 0:07:00]} Bh5 {[%clk 0:07:14]} 8. g4 {[%clk 0:07:02]} Bg6 {[%clk 0:07:16]}
9. Ne5 {[%clk 0:07:04]} Nbd7 {[%clk 0:07:16]} 10. f4 {[%clk 0:06:50]} Nxe5
{[%clk 0:05:53]} 11. fxe5 {[%clk 0:02:17]} Ne4 {[%clk 0:05:28]} 12. Qf3
{[%clk 0:02:09]} Nxc3 {[%clk 0:05:19]} 13. bxc3 {[%clk 0:02:09]} e6
{[%clk 0:05:03]} 14. Rb1 {[%clk 0:02:03]} Qc7 {[%clk 0:03:47]} 15. Bg5
{[%clk 0:01:44]} h6 {[%clk 0:03:28]} 16. Bh4 {[%clk 0:01:44]} Ba3
{[%clk 0:02:21]} 17. O-O {[%clk 0:01:28]} Bxc2 {[%clk 0:01:56]} 18. Rbe1
{[%clk 0:01:14]} Bg6 {[%clk 0:01:53]} 19. Bd3 {[%clk 0:01:01]} Bxd3
{[%clk 0:01:54]} 20. Qxd3 {[%clk 0:01:02]} Be7 {[%clk 0:01:46]} 21. Bxe7
{[%clk 0:00:58]} Qxe7 {[%clk 0:01:48]} 22. Rf4 {[%clk 0:00:49]} O-O-O
{[%clk 0:01:27]} 23. Ref1 {[%clk 0:00:52]} Rhf8 {[%clk 0:01:05]} 24. Qh7
{[%clk 0:00:54]} Qg5 {[%clk 0:01:03]} 25. Rxf7 {[%clk 0:00:49]} Qe3+
{[%clk 0:01:04]} 26. Kg2 {[%clk 0:00:50]} Rxf7 {[%clk 0:00:56]} 27. Rxf7
{[%clk 0:00:52]} Qd2+ {[%clk 0:00:58]} 28. Kf1 {[%clk 0:00:09]} Qc1+
{[%clk 0:00:55]} 29. Kg2 {[%clk 0:00:11]} Qb2+ {[%clk 0:00:55]} 30. Kf1
{[%clk 0:00:12]} Qa1+ {[%clk 0:00:56]} 31. Kg2 {[%clk 0:00:12]} Qb2+
{[%clk 0:00:44]} 32. Kf1 {[%clk 0:00:14]} Qxc3 {[%clk 0:00:42]} 33. Qxg7
{[%clk 0:00:16]} Qxh3+ {[%clk 0:00:39]} 34. Kf2 {[%clk 0:00:13]} Qh2+
{[%clk 0:00:38]} 35. Kf3 {[%clk 0:00:14]} Qh1+ {[%clk 0:00:37]} 36. Kf2
{[%clk 0:00:10]} c5 {[%clk 0:00:39]} 37. Rc7+ Kb8 38. Qe7 {[%clk 0:00:05]} Rg8
{[%clk 0:00:33]} 39. Qd6 {[%clk 0:00:06]} Ka8 {[%clk 0:00:24]} 40. Rg7
{[%clk 0:00:04]} Rb8 {[%clk 0:00:11]} 41. dxc5 {[%clk 0:00:04]} Qh2+
{[%clk 0:00:12]} 42. Kf3 {[%clk 0:00:05]} Qxa2 {[%clk 0:00:13]} 43. Kg3
{[%clk 0:00:05]} Qb3+ {[%clk 0:00:14]} 44. Kh4 {[%clk 0:00:07]} Qa2
{[%clk 0:00:15]} 45. Kh5 {[%clk 0:00:09]} Qh2+ {[%clk 0:00:14]} 46. Kg6
{[%clk 0:00:11]} Qf4 {[%clk 0:00:09]} 47. Qxe6 {[%clk 0:00:11]} Qe4+
{[%clk 0:00:10]} 48. Kf7 {[%clk 0:00:12]} a6 {[%clk 0:00:06]} 49. Rg8
{[%clk 0:00:07]} Rxg8 {[%clk 0:00:05]} 50. Kxg8 {[%clk 0:00:09]} Ka7
{[%clk 0:00:07]} 51. Qb6+ {[%clk 0:00:11]} Ka8 {[%clk 0:00:09]} 52. e6
{[%clk 0:00:12]} Qxg4+ {[%clk 0:00:11]} 53. Kf8 {[%clk 0:00:14]} Qf5+
{[%clk 0:00:14]} 54. Ke8 {[%clk 0:00:14]} h5 {[%clk 0:00:14]} 55. e7
{[%clk 0:00:14]} h4 {[%clk 0:00:09]} 56. Kd8 {[%clk 0:00:14]} Qg5
{[%clk 0:00:08]} 57. Kc7 {[%clk 0:00:13]} Qxe7+ {[%clk 0:00:09]} 58. Kc8
{[%clk 0:00:16]} Qe8+ {[%clk 0:00:07]} 59. Kc7 {[%clk 0:00:16]} Qc6+
{[%clk 0:00:09]} 0-1

[Event "I cerrado Memorial Alfonso Pizarroso"]
[Site "Xativa"]
[Date "2018.07.01"]
[Round "3.6"]
[White "Torres Sanchez, Jose"]
[Black "Bosch Jorda, Ricard"]
[Result "1-0"]
[BlackElo "1915"]
[WhiteElo "2357"]
[LiveChessVersion "1.4.8"]

1. d4 {[%clk 0:07:05]} Nf6 {[%clk 0:07:05]} 2. Nf3 {[%clk 0:07:05]} e6
{[%clk 0:07:07]} 3. e3 {[%clk 0:07:06]} c5 {[%clk 0:07:08]} 4. c4
{[%clk 0:07:01]} Be7 {[%clk 0:07:06]} 5. Nc3 {[%clk 0:07:02]} b6 {[%clk 0:07:05]}
6. d5 {[%clk 0:06:56]} exd5 {[%clk 0:06:46]} 7. cxd5 {[%clk 0:06:57]} d6
{[%clk 0:06:48]} 8. e4 {[%clk 0:06:41]} O-O {[%clk 0:06:46]} 9. h3
{[%clk 0:06:41]} a6 10. a4 {[%clk 0:06:42]} Nbd7 {[%clk 0:05:38]} 11. Bf4
{[%clk 0:06:39]} Re8 {[%clk 0:05:35]} 12. Bd3 {[%clk 0:06:29]} Bb7
{[%clk 0:04:46]} 13. O-O {[%clk 0:06:29]} Qc7 {[%clk 0:04:47]} 14. Re1
{[%clk 0:06:29]} Bf8 {[%clk 0:04:40]} 15. Rc1 {[%clk 0:05:51]} Re7
{[%clk 0:02:39]} 16. e5 {[%clk 0:05:17]} dxe5 {[%clk 0:01:53]} 17. d6
{[%clk 0:05:15]} Bxf3 {[%clk 0:01:52]} 18. dxc7 {[%clk 0:04:22]} Bxd1
{[%clk 0:01:49]} 19. Rcxd1 {[%clk 0:04:16]} exf4 {[%clk 0:01:36]} 20. Rxe7
{[%clk 0:04:17]} Bxe7 {[%clk 0:01:38]} 21. Bxa6 {[%clk 0:04:18]} b5
{[%clk 0:00:40]} 22. c8=Q+ {[%clk 0:04:04]} Rxc8 {[%clk 0:00:42]} 23. Bxc8
{[%clk 0:04:05]} Nb6 {[%clk 0:00:45]} 24. Bb7 {[%clk 0:03:56]} bxa4
{[%clk 0:00:41]} 25. Bc6 {[%clk 0:03:27]} Kf8 {[%clk 0:00:29]} 26. Bxa4
{[%clk 0:03:10]} Nxa4 {[%clk 0:00:21]} 27. Nxa4 {[%clk 0:03:10]} Ne4
{[%clk 0:00:23]} 28. b3 {[%clk 0:02:49]} f5 29. Rd5 {[%clk 0:02:43]} g6
{[%clk 0:00:16]} 30. f3 {[%clk 0:02:23]} Ng3 {[%clk 0:00:05]} 31. Nxc5
{[%clk 0:02:13]} Ne2+ {[%clk 0:00:07]} 32. Kf2 {[%clk 0:02:10]} Nc3
{[%clk 0:00:09]} 33. Nd7+ {[%clk 0:02:07]} Ke8 {[%clk 0:00:10]} 34. Rd3
{[%clk 0:02:07]} Nb5 {[%clk 0:00:07]} 35. Ke2 {[%clk 0:01:58]} Bd6
{[%clk 0:00:04]} 36. Nf6+ {[%clk 0:01:42]} Kf7 {[%clk 0:00:06]} 37. Nd5
{[%clk 0:02:29]} Ke6 {[%clk 0:00:04]} 38. Nb6 {[%clk 0:02:22]} Bc5
{[%clk 0:00:04]} 39. Nc4 {[%clk 0:02:21]} Nd4+ {[%clk 0:00:06]} 40. Kd1
{[%clk 0:02:22]} Kd5 {[%clk 0:00:05]} 41. Nd2 {[%clk 0:02:21]} Kc6
{[%clk 0:00:06]} 42. b4 {[%clk 0:02:12]} Bb6 1-0

[Event "I cerrado Memorial Alfonso Pizarroso"]
[Site "Xativa"]
[Date "2018.07.01"]
[Round "3.7"]
[White "Sampedro Barrios, Pablo"]
[Black "Sanchez Saez, Francisco"]
[Result "0-1"]
[BlackElo "2332"]
[WhiteElo "1914"]
[LiveChessVersion "1.4.8"]

1. e4 {[%clk 0:07:04]} c5 {[%clk 0:07:03]} 2. c4 {[%clk 0:07:06]} Nc6
{[%clk 0:07:01]} 3. Nc3 {[%clk 0:07:08]} g6 {[%clk 0:06:57]} 4. g3
{[%clk 0:07:10]} Bg7 {[%clk 0:06:57]} 5. Bg2 {[%clk 0:07:10]} d6 {[%clk 0:06:57]}
6. d3 {[%clk 0:07:12]} Nf6 {[%clk 0:06:18]} 7. Nge2 {[%clk 0:07:12]} a6
{[%clk 0:06:11]} 8. h3 {[%clk 0:07:12]} Rb8 {[%clk 0:06:11]} 9. a4
{[%clk 0:07:14]} Bd7 {[%clk 0:05:55]} 10. O-O {[%clk 0:07:14]} O-O
{[%clk 0:05:40]} 11. f4 {[%clk 0:07:13]} Nd4 {[%clk 0:05:10]} 12. Nxd4
{[%clk 0:07:04]} cxd4 {[%clk 0:05:11]} 13. Ne2 {[%clk 0:07:05]} b5
{[%clk 0:04:34]} 14. axb5 {[%clk 0:07:06]} axb5 {[%clk 0:04:36]} 15. b3
{[%clk 0:07:08]} Qb6 {[%clk 0:04:11]} 16. Kh2 {[%clk 0:06:48]} bxc4
{[%clk 0:04:06]} 17. bxc4 {[%clk 0:06:50]} Qb3 {[%clk 0:04:07]} 18. Ra7
{[%clk 0:06:38]} Qb6 {[%clk 0:03:39]} 19. Ra2 {[%clk 0:06:26]} Qc5
{[%clk 0:03:32]} 20. Qc2 {[%clk 0:06:13]} Qh5 {[%clk 0:03:32]} 21. Ra7
{[%clk 0:05:18]} Rfc8 {[%clk 0:03:16]} 22. Qd1 {[%clk 0:03:16]} Rb1
{[%clk 0:02:53]} 23. e5 {[%clk 0:03:17]} Ng4+ {[%clk 0:02:38]} 24. Kg1
{[%clk 0:03:11]} Ne3 {[%clk 0:02:38]} 25. Qe1 {[%clk 0:02:48]} Nxg2
{[%clk 0:02:15]} 26. Kxg2 {[%clk 0:02:42]} Qxh3+ {[%clk 0:02:12]} 27. Kg1
{[%clk 0:02:40]} Bc6 {[%clk 0:02:13]} 0-1

[Event "I cerrado Memorial Alfonso Pizarroso"]
[Site "Xativa"]
[Date "2018.07.01"]
[Round "4.1"]
[White "Uran Bermudez, Oliver Kevin"]
[Black "Granero Roca, Antonio"]
[Result "0-1"]
[BlackElo "2390"]
[WhiteElo "2076"]
[LiveChessVersion "1.4.8"]

1. e4 {[%clk 0:06:57]} c6 {[%clk 0:07:04]} 2. d4 {[%clk 0:06:13]} d5
{[%clk 0:07:05]} 3. Bd3 {[%clk 0:06:07]} dxe4 {[%clk 0:07:05]} 4. Bxe4
{[%clk 0:06:09]} Nf6 {[%clk 0:07:06]} 5. Bf3 {[%clk 0:06:11]} Bf5
{[%clk 0:07:04]} 6. Ne2 {[%clk 0:06:10]} e6 {[%clk 0:07:02]} 7. O-O
{[%clk 0:06:04]} Be7 {[%clk 0:06:56]} 8. a4 {[%clk 0:05:55]} a5 {[%clk 0:06:56]}
9. Na3 {[%clk 0:05:56]} O-O {[%clk 0:06:46]} 10. Nc4 {[%clk 0:05:55]} Nbd7
{[%clk 0:06:42]} 11. Bd2 {[%clk 0:05:36]} Nd5 {[%clk 0:06:26]} 12. Ne3
{[%clk 0:05:27]} Bg6 {[%clk 0:06:16]} 13. c4 {[%clk 0:05:21]} Nb4
{[%clk 0:06:13]} 14. Bxb4 {[%clk 0:05:17]} Bxb4 {[%clk 0:06:00]} 15. d5
{[%clk 0:05:06]} exd5 {[%clk 0:05:52]} 16. cxd5 {[%clk 0:05:06]} Ne5
{[%clk 0:05:50]} 17. Nf4 {[%clk 0:04:59]} Qg5 {[%clk 0:05:15]} 18. Nxg6
{[%clk 0:04:44]} fxg6 {[%clk 0:05:01]} 19. Be2 {[%clk 0:04:00]} Rad8
{[%clk 0:04:48]} 20. Qb3 {[%clk 0:03:54]} Kh8 {[%clk 0:04:43]} 21. dxc6
{[%clk 0:03:50]} Nxc6 {[%clk 0:04:41]} 22. Rfd1 {[%clk 0:03:04]} Nd4
{[%clk 0:04:33]} 23. Qc4 {[%clk 0:03:04]} Qf4 {[%clk 0:04:21]} 24. Rf1
{[%clk 0:02:34]} Rc8 {[%clk 0:04:10]} 25. Qd3 {[%clk 0:02:14]} Rfd8
{[%clk 0:04:06]} 26. g3 {[%clk 0:01:36]} Qf6 {[%clk 0:03:40]} 27. Rac1
{[%clk 0:01:10]} Rxc1 {[%clk 0:03:23]} 28. Rxc1 {[%clk 0:01:09]} Nf3+
{[%clk 0:03:23]} 29. Bxf3 {[%clk 0:01:06]} Rxd3 {[%clk 0:03:25]} 30. Kg2
{[%clk 0:00:54]} h5 {[%clk 0:03:00]} 31. Be4 {[%clk 0:00:35]} Rxe3
{[%clk 0:02:47]} 32. fxe3 {[%clk 0:00:34]} Qxb2+ {[%clk 0:02:48]} 33. Rc2
{[%clk 0:00:36]} Qf6 {[%clk 0:02:32]} 34. Bxb7 {[%clk 0:00:21]} Qe7
{[%clk 0:02:24]} 35. Bf3 {[%clk 0:00:14]} Qxe3 {[%clk 0:02:21]} 36. Re2
{[%clk 0:00:14]} Qd4 {[%clk 0:02:13]} 37. Be4 {[%clk 0:00:13]} Kh7
{[%clk 0:02:12]} 38. Bc6 {[%clk 0:00:11]} Bc5 {[%clk 0:02:07]} 39. Bb5
{[%clk 0:00:06]} Qg1+ {[%clk 0:02:04]} 40. Kh3 {[%clk 0:00:07]} Qf1+
{[%clk 0:02:04]} 41. Rg2 {[%clk 0:00:07]} Qf5+ {[%clk 0:02:05]} 42. g4
{[%clk 0:00:09]} Qf3+ {[%clk 0:02:03]} 43. Rg3 {[%clk 0:00:06]} hxg4+
{[%clk 0:02:05]} 0-1

[Event "I cerrado Memorial Alfonso Pizarroso"]
[Site "Xativa"]
[Date "2018.07.01"]
[Round "4.2"]
[White "Plaskett, H James"]
[Black "Camarena Gimenez, Rufino"]
[Result "1-0"]
[BlackElo "2354"]
[WhiteElo "2455"]
[LiveChessVersion "1.4.8"]

1. e4 e6 2. d4 d5 3. Nd2 c5 4. Ngf3 Nc6 5. Bb5 a6 6. Bxc6+ bxc6 7. O-O Nf6 8. Re1
Be7 9. e5 Nd7 10. Nf1 a5 11. Ng3 h5 12. c3 h4 13. Ne2 h3 14. g3 Ba6 15. Be3 Rb8
16. Qc2 Qb6 17. b3 Qb5 18. Nf4 a4 19. Nxe6 fxe6 20. Qg6+ Kf8 21. Qxe6 Qd3 22.
Qxd7 Qe4 23. Bg5 Qxf3 24. Bxe7+ Kg8 25. Qe6+ Kh7 26. Qxh3+ Kg6 27. Qe6+ Kh7 28.
Re3 Qh5 29. g4 Qh6 30. Qxh6+ Kxh6 31. f4 axb3 32. axb3 Bc8 33. f5 Kh7 34. Bxc5
Rxb3 35. Rh3+ Kg8 36. Rxh8+ 1-0

[Event "I cerrado Memorial Alfonso Pizarroso"]
[Site "Xativa"]
[Date "2018.07.01"]
[Round "4.3"]
[White "Cruz Lledo, Pablo"]
[Black "Kovacevic, Slobodan"]
[Result "0-1"]
[BlackElo "2292"]
[WhiteElo "2443"]
[LiveChessVersion "1.4.8"]

1. Nf3 {[%clk 0:07:03]} c5 {[%clk 0:07:05]} 2. b3 {[%clk 0:07:05]} Nf6
{[%clk 0:07:06]} 3. Bb2 {[%clk 0:07:07]} e6 {[%clk 0:07:09]} 4. e3
{[%clk 0:07:09]} b6 {[%clk 0:07:10]} 5. Be2 {[%clk 0:07:10]} Bb7 {[%clk 0:07:12]}
6. O-O {[%clk 0:07:12]} Be7 {[%clk 0:07:15]} 7. c4 {[%clk 0:07:13]} O-O
{[%clk 0:07:15]} 8. Nc3 {[%clk 0:07:13]} a6 {[%clk 0:07:17]} 9. Rc1
{[%clk 0:07:09]} d6 {[%clk 0:07:18]} 10. d4 {[%clk 0:06:49]} cxd4
{[%clk 0:07:19]} 11. Nxd4 {[%clk 0:06:46]} Ra7 {[%clk 0:07:18]} 12. Bf3
{[%clk 0:06:47]} Bxf3 {[%clk 0:07:19]} 13. Qxf3 {[%clk 0:06:48]} Rc7
{[%clk 0:07:20]} 14. Rfd1 {[%clk 0:06:39]} Qc8 {[%clk 0:07:21]} 15. Ba3
{[%clk 0:06:21]} Nbd7 {[%clk 0:07:16]} 16. Qh3 {[%clk 0:05:25]} Re8
{[%clk 0:07:10]} 17. Nxe6 {[%clk 0:04:26]} fxe6 {[%clk 0:07:09]} 18. Qxe6+
{[%clk 0:04:27]} Kh8 {[%clk 0:07:11]} 19. Bxd6 {[%clk 0:04:24]} Rc6
{[%clk 0:06:29]} 20. Qh3 {[%clk 0:03:29]} Rxd6 {[%clk 0:06:23]} 21. Rxd6
{[%clk 0:03:29]} Bxd6 {[%clk 0:06:25]} 22. Rd1 {[%clk 0:03:32]} Bc5
{[%clk 0:06:13]} 23. Ne2 {[%clk 0:03:18]} Qc6 {[%clk 0:06:05]} 24. Nf4
{[%clk 0:03:12]} Kg8 {[%clk 0:06:06]} 25. Qh4 {[%clk 0:02:50]} Qe4
{[%clk 0:05:44]} 26. Qh3 {[%clk 0:02:41]} Qc2 {[%clk 0:05:34]} 27. Rf1
{[%clk 0:02:31]} Qxa2 {[%clk 0:05:33]} 28. g4 {[%clk 0:02:01]} Qxb3
{[%clk 0:05:30]} 29. g5 {[%clk 0:02:04]} Qxc4 {[%clk 0:05:24]} 30. Rd1
{[%clk 0:01:50]} Qf7 {[%clk 0:05:14]} 31. gxf6 {[%clk 0:01:38]} Nxf6
{[%clk 0:05:16]} 32. Qf5 {[%clk 0:01:31]} a5 {[%clk 0:05:12]} 33. Re1
{[%clk 0:01:07]} a4 {[%clk 0:05:12]} 34. e4 {[%clk 0:01:09]} Nxe4
{[%clk 0:04:49]} 0-1

[Event "I cerrado Memorial Alfonso Pizarroso"]
[Site "Xativa"]
[Date "2018.07.01"]
[Round "4.4"]
[White "Fenollar Jorda, Manuel"]
[Black "Galvan, Jesus"]
[Result "0-1"]
[BlackElo "2183"]
[WhiteElo "2352"]
[LiveChessVersion "1.4.8"]

1. d4 {[%clk 0:07:05]} d6 {[%clk 0:07:02]} 2. c4 {[%clk 0:07:01]} f5
{[%clk 0:07:02]} 3. Nc3 {[%clk 0:07:02]} Nf6 {[%clk 0:07:03]} 4. Nf3
{[%clk 0:06:57]} g6 {[%clk 0:07:05]} 5. h3 {[%clk 0:06:29]} Bg7 {[%clk 0:06:28]}
6. Bf4 {[%clk 0:06:29]} O-O {[%clk 0:06:24]} 7. e3 {[%clk 0:06:31]} Nc6
{[%clk 0:05:55]} 8. d5 {[%clk 0:06:01]} Nb8 {[%clk 0:05:56]} 9. Be2
{[%clk 0:05:37]} e5 {[%clk 0:05:37]} 10. dxe6 {[%clk 0:05:38]} Bxe6
{[%clk 0:05:39]} 11. O-O {[%clk 0:05:22]} Nc6 {[%clk 0:05:10]} 12. Ng5
{[%clk 0:05:15]} Qd7 {[%clk 0:04:43]} 13. Rc1 {[%clk 0:04:08]} Kh8
{[%clk 0:04:39]} 14. Nxe6 {[%clk 0:03:56]} Qxe6 {[%clk 0:04:41]} 15. Nd5
{[%clk 0:03:51]} Rac8 {[%clk 0:04:32]} 16. b4 {[%clk 0:03:34]} Ne4
{[%clk 0:04:33]} 17. Qa4 {[%clk 0:03:10]} a6 {[%clk 0:03:24]} 18. Rc2
{[%clk 0:02:20]} Ne5 {[%clk 0:03:23]} 19. Bh2 {[%clk 0:02:04]} g5
{[%clk 0:02:45]} 20. Qb3 {[%clk 0:02:01]} c6 {[%clk 0:02:27]} 21. Nb6
{[%clk 0:02:03]} Rce8 {[%clk 0:02:29]} 22. Rd1 {[%clk 0:02:00]} f4
{[%clk 0:02:16]} 23. exf4 {[%clk 0:01:44]} gxf4 {[%clk 0:02:17]} 24. c5
{[%clk 0:01:45]} d5 {[%clk 0:02:18]} 25. Bf3 {[%clk 0:01:31]} Ng5
{[%clk 0:02:18]} 26. Bh5 {[%clk 0:01:19]} Re7 {[%clk 0:02:03]} 27. f3
{[%clk 0:01:21]} Qf5 {[%clk 0:01:42]} 28. Bg4 {[%clk 0:01:10]} Qg6
{[%clk 0:01:43]} 29. h4 {[%clk 0:01:09]} h5 {[%clk 0:01:25]} 30. Bxh5 Nh3+ 31.
Kh1 {[%clk 0:00:38]} Qxh5 {[%clk 0:01:28]} 32. gxh3 {[%clk 0:00:40]} Nxf3
{[%clk 0:01:20]} 33. Rf1 {[%clk 0:00:36]} Re3 {[%clk 0:01:22]} 34. Qb1
{[%clk 0:00:32]} Qxh4 {[%clk 0:01:22]} 35. Qd1 {[%clk 0:00:22]} Ng5
{[%clk 0:01:04]} 36. Rg2 {[%clk 0:00:06]} Rxh3 {[%clk 0:00:37]} 37. Rfg1 0-1

[Event "I cerrado Memorial Alfonso Pizarroso"]
[Site "Xativa"]
[Date "2018.07.01"]
[Round "4.6"]
[White "Sanchez Saez, Francisco"]
[Black "Torres Sanchez, Jose"]
[Result "0-1"]
[BlackElo "2357"]
[WhiteElo "2332"]
[LiveChessVersion "1.4.8"]

1. e4 {[%clk 0:07:02]} c5 {[%clk 0:07:05]} 2. d4 {[%clk 0:07:04]} cxd4
{[%clk 0:07:05]} 3. c3 {[%clk 0:07:05]} Nf6 {[%clk 0:06:58]} 4. e5
{[%clk 0:07:04]} Nd5 {[%clk 0:07:00]} 5. Nf3 {[%clk 0:07:06]} e6 {[%clk 0:07:00]}
6. cxd4 {[%clk 0:07:07]} Nc6 {[%clk 0:07:01]} 7. Nc3 {[%clk 0:06:01]} Nxc3
{[%clk 0:06:49]} 8. bxc3 {[%clk 0:06:02]} d6 {[%clk 0:06:50]} 9. Bd3
{[%clk 0:05:28]} dxe5 {[%clk 0:06:38]} 10. dxe5 {[%clk 0:05:29]} Qc7
{[%clk 0:06:32]} 11. O-O {[%clk 0:05:22]} b6 {[%clk 0:06:25]} 12. Bb5
{[%clk 0:04:11]} Bb7 {[%clk 0:06:18]} 13. Nd4 {[%clk 0:03:31]} Bc5
{[%clk 0:05:02]} 14. Qa4 {[%clk 0:02:44]} Rc8 {[%clk 0:04:48]} 15. Ba3
{[%clk 0:01:51]} O-O {[%clk 0:02:57]} 16. Bxc5 {[%clk 0:01:49]} bxc5
{[%clk 0:02:57]} 17. Nxc6 {[%clk 0:01:50]} Bxc6 {[%clk 0:02:59]} 18. Bxc6
{[%clk 0:01:51]} Qxc6 {[%clk 0:03:01]} 19. Qxa7 {[%clk 0:01:50]} Rc7
{[%clk 0:02:42]} 20. Qa3 {[%clk 0:01:44]} Ra8 {[%clk 0:02:40]} 21. Qc1
{[%clk 0:01:39]} h6 {[%clk 0:02:32]} 22. Qf4 {[%clk 0:01:28]} Rca7
{[%clk 0:02:18]} 23. Rfd1 {[%clk 0:00:58]} Ra3 {[%clk 0:00:56]} 24. Rd3
{[%clk 0:00:38]} Rxa2 {[%clk 0:00:42]} 25. Rxa2 {[%clk 0:00:40]} Rxa2
{[%clk 0:00:44]} 26. Rd8+ {[%clk 0:00:42]} Kh7 {[%clk 0:00:46]} 27. h4
{[%clk 0:00:44]} Ra7 {[%clk 0:00:41]} 28. h5 {[%clk 0:00:28]} Rd7
{[%clk 0:00:29]} 29. Rxd7 {[%clk 0:00:23]} Qxd7 {[%clk 0:00:30]} 30. Qe4+
{[%clk 0:00:25]} g6 {[%clk 0:00:29]} 31. hxg6+ {[%clk 0:00:25]} fxg6
{[%clk 0:00:32]} 32. Qc4 {[%clk 0:00:15]} Qd1+ {[%clk 0:00:32]} 33. Qf1
{[%clk 0:00:10]} Qd2 {[%clk 0:00:29]} 34. Qa6 {[%clk 0:00:09]} Qc1+
{[%clk 0:00:29]} 35. Kh2 {[%clk 0:00:09]} Qf4+ {[%clk 0:00:31]} 36. Kg1
{[%clk 0:00:11]} Qxe5 {[%clk 0:00:31]} 37. Qa7+ {[%clk 0:00:12]} Kg8
{[%clk 0:00:33]} 38. Qa8+ {[%clk 0:00:13]} Kf7 {[%clk 0:00:35]} 39. Qb7+
{[%clk 0:00:14]} Kf6 {[%clk 0:00:37]} 40. Qh7 {[%clk 0:00:14]} Kg5
{[%clk 0:00:35]} 41. Qe7+ {[%clk 0:00:15]} Kh5 {[%clk 0:00:36]} 42. f3
{[%clk 0:00:10]} Qe1+ {[%clk 0:00:36]} 43. Kh2 {[%clk 0:00:11]} Qh4+
{[%clk 0:00:37]} 44. Qxh4+ {[%clk 0:00:12]} Kxh4 {[%clk 0:00:39]} 45. g3+
{[%clk 0:00:08]} Kg5 {[%clk 0:00:41]} 46. Kg2 {[%clk 0:00:10]} Kf5
{[%clk 0:00:39]} 47. Kf2 {[%clk 0:00:12]} g5 {[%clk 0:00:39]} 48. Ke3
{[%clk 0:00:13]} h5 {[%clk 0:00:41]} 49. Kd3 {[%clk 0:00:05]} h4 {[%clk 0:00:43]}
50. gxh4 {[%clk 0:00:07]} gxh4 {[%clk 0:00:45]} 51. Ke3 {[%clk 0:00:09]} e5
{[%clk 0:00:46]} 52. c4 {[%clk 0:00:09]} Kg5 {[%clk 0:00:45]} 53. Ke4
{[%clk 0:00:10]} h3 {[%clk 0:00:45]} 54. Kxe5 {[%clk 0:00:11]} h2
{[%clk 0:00:47]} 55. f4+ {[%clk 0:00:13]} Kg4 {[%clk 0:00:49]} 56. f5
{[%clk 0:00:15]} h1=Q 57. Kd4 0-1

[Event "I cerrado Memorial Alfonso Pizarroso"]
[Site "Xativa"]
[Date "2018.07.01"]
[Round "4.7"]
[White "Lluch Ventura, Enrique"]
[Black "Galiana Fernandez, Adrian"]
[Result "0-1"]
[BlackElo "2167"]
[WhiteElo "1722"]
[LiveChessVersion "1.4.8"]

1. d4 {[%clk 0:07:04]} Nf6 {[%clk 0:07:06]} 2. Bf4 {[%clk 0:07:05]} g6
{[%clk 0:07:07]} 3. e3 {[%clk 0:07:05]} Bg7 {[%clk 0:07:09]} 4. c4
{[%clk 0:07:01]} c5 {[%clk 0:06:58]} 5. Nf3 {[%clk 0:06:57]} cxd4
{[%clk 0:07:00]} 6. exd4 {[%clk 0:06:36]} d5 {[%clk 0:07:02]} 7. c5
{[%clk 0:06:17]} Nc6 {[%clk 0:07:01]} 8. Be2 {[%clk 0:05:56]} O-O
{[%clk 0:06:02]} 9. O-O {[%clk 0:05:58]} b6 {[%clk 0:06:04]} 10. Bb5
{[%clk 0:05:25]} Bd7 {[%clk 0:06:04]} 11. Nc3 {[%clk 0:05:11]} Nh5
{[%clk 0:03:18]} 12. Be3 {[%clk 0:04:42]} Rb8 {[%clk 0:03:20]} 13. Nxd5
{[%clk 0:03:26]} bxc5 {[%clk 0:03:17]} 14. Be2 {[%clk 0:01:57]} Be6
{[%clk 0:02:21]} 15. Nf4 {[%clk 0:01:27]} Nxf4 {[%clk 0:02:22]} 16. Bxf4
{[%clk 0:01:29]} Rxb2 {[%clk 0:02:23]} 17. Rc1 {[%clk 0:01:14]} Nxd4
{[%clk 0:02:21]} 18. Nxd4 {[%clk 0:01:07]} cxd4 {[%clk 0:02:20]} 19. Rc7
{[%clk 0:00:52]} Rxa2 {[%clk 0:02:11]} 20. Bf3 {[%clk 0:00:29]} d3
{[%clk 0:01:57]} 21. Qb1 {[%clk 0:00:09]} Ra1 {[%clk 0:01:48]} 22. Qb7
{[%clk 0:00:07]} Rxf1+ {[%clk 0:01:18]} 23. Kxf1 {[%clk 0:00:09]} d2
{[%clk 0:01:20]} 24. Bd1 0-1

[Event "I cerrado Memorial Alfonso Pizarroso"]
[Site "Xativa"]
[Date "2018.07.01"]
[Round "5.1"]
[White "Galvan, Jesus"]
[Black "Galvan, Jesus"]
[Result "1-0"]
[BlackElo "2183"]
[WhiteElo "2183"]
[LiveChessVersion "1.4.8"]

1. c4 {[%clk 0:07:00]} Nf6 {[%clk 0:07:05]} 2. Nc3 {[%clk 0:07:01]} e6
{[%clk 0:07:08]} 3. e4 {[%clk 0:07:03]} d5 {[%clk 0:07:06]} 4. e5
{[%clk 0:07:01]} Nfd7 {[%clk 0:06:59]} 5. d4 {[%clk 0:07:01]} c6 {[%clk 0:07:00]}
6. cxd5 {[%clk 0:07:01]} cxd5 {[%clk 0:06:59]} 7. Nf3 {[%clk 0:07:01]} Bb4
{[%clk 0:07:02]} 8. Bd3 {[%clk 0:07:02]} Nc6 {[%clk 0:07:04]} 9. O-O
{[%clk 0:07:04]} Qb6 {[%clk 0:06:58]} 10. Ne2 {[%clk 0:06:48]} h6
{[%clk 0:06:12]} 11. a3 {[%clk 0:06:47]} Be7 {[%clk 0:06:11]} 12. b4
{[%clk 0:06:49]} a6 {[%clk 0:04:39]} 13. Be3 {[%clk 0:06:50]} Na7
{[%clk 0:04:40]} 14. Qb3 {[%clk 0:06:10]} Nb8 {[%clk 0:04:36]} 15. Rab1
{[%clk 0:06:08]} Bd7 {[%clk 0:04:37]} 16. a4 {[%clk 0:06:01]} Nbc6
{[%clk 0:03:51]} 17. Bd2 {[%clk 0:05:54]} Rc8 {[%clk 0:02:56]} 18. Rfc1
{[%clk 0:05:46]} O-O {[%clk 0:02:46]} 19. Rb2 {[%clk 0:05:19]} Rc7
{[%clk 0:02:18]} 20. Bb1 {[%clk 0:05:21]} Rcc8 {[%clk 0:01:15]} 21. Qd3
{[%clk 0:05:16]} f5 {[%clk 0:01:17]} 22. exf6 {[%clk 0:05:18]} Rxf6
{[%clk 0:01:18]} 23. Qh7+ {[%clk 0:05:10]} Kf7 {[%clk 0:01:05]} 24. Nf4
{[%clk 0:05:06]} Bf8 {[%clk 0:00:30]} 25. h4 {[%clk 0:03:22]} Ke7
{[%clk 0:00:05]} 26. Ng6+ {[%clk 0:02:47]} Kf7 {[%clk 0:00:04]} 27. a5
{[%clk 0:01:50]} Qc7 1-0